Die Tempel Nektanebos' II. in Elephantine und ihre Erweiterungen /

محفوظ في:

المؤلف الرئيسي: Ricke, Herbert (مؤلف)

مؤلفون آخرون: Sauneron, Serge.

التنسيق: كتاب

اللغة: English

منشور في: [Kairo : Schweizerisches Institut für ägyptische Bauforschung und Altertumskunde in Kairo, [1960]

سلاسل: Beitrage zur Agyptischen Bauforschung und Altertumskunde ; 6.
BABA ; 6.

الموضوعات:

الوسوم: إضافة وسم

لا توجد وسوم, كن أول من يضع وسما على هذه التسجيلة!

رقم الطلب: ( F )NA215 .B4 v.6

LEADER 01635nam a2200349M 4500
001 4823
003 OSt
005 20200728114224.0
008 130303q1960 ua abf e 000 0 eng d
952 |0 0  |1 0  |2 lcc  |3 V.6  |4 0  |7 1  |9 4335  |a ARCE  |b ARCE  |d 2020-07-28  |l 0  |o ( F )NA215 .B4 v.6  |p 1021407  |r 2020-07-28 00:00:00  |w 2020-07-28  |y BK 
999 |c 7644  |d 7644 
040 |c ARCE Library 
050 0 4 |a ( F )NA215 .B4 v.6 
100 1 |a Ricke, Herbert,  |e author  |9 38451 
245 1 4 |a Die Tempel Nektanebos' II. in Elephantine und ihre Erweiterungen /  |c von Herbert Ricke ; mit einer Bearbeitung der Inschriften aus der Kaiserzeit im Chnumtempel von Elephantine, von Serge Sauneron. 
246 3 |a Inscriptions romaines au temple de Khnoum 
264 1 |a [Kairo :  |b Schweizerisches Institut für ägyptische Bauforschung und Altertumskunde in Kairo,  |c [1960] 
300 |a xv, 64 pages :  |b illustrations, map, Diagrams, 12 plates, 6 folded plans ;  |c 31 cm. 
336 |a text  |b txt  |2 rdacontent 
337 |a unmediated  |b n  |2 rdamedia 
338 |a volume  |b nc  |2 rdacarrier 
490 1 |a Beitrage zur Agyptischen Bauforschung und Altertumskunde ;   |v 6. 
490 1 |a BABA ;   |v 6. 
500 |a Sauneron's article, in French, has caption-title : Inscriptions romaines au temple de Khnoum à Elephantine. 
650 0 |a Inscriptions, Egyptian. 
651 0 |a Elephantine (Egypt)  |x Antiquities. 
700 1 2 |a Sauneron, Serge.  |t Inscriptions romaines au temple de Khnoum. 
740 0 2 |a Inscriptions romaines au temple de Khnoum. 
830 0 |a Beitrage zur Agyptischen Bauforschung und Altertumskunde ;   |v 6. 
830 0 |a BABA ;   |v 6. 
901 |a reviewed 
942 |c BK  |2 lcc